Captain LeVrier believes in miracles. (Record no. 276696)
[ view plain ]
| 000 -LEADER | |
|---|---|
| fixed length control field | 00722cam a2200253 4500 |
| 001 - CONTROL NUMBER | |
| control field | 2673110 |
| 005 - DATE AND TIME OF LATEST TRANSACTION | |
| control field | 20141103120932.0 |
| 008 - FIXED-LENGTH DATA ELEMENTS--GENERAL INFORMATION | |
| fixed length control field | 730803s1973 mnu 000 0beng |
| 010 ## - LIBRARY OF CONGRESS CONTROL NUMBER | |
| LC control number | 73166127 |
| 020 ## - INTERNATIONAL STANDARD BOOK NUMBER | |
| International Standard Book Number | 0871230771 |
| 040 ## - CATALOGING SOURCE | |
| Original cataloging agency | DLC |
| Transcribing agency | DLC |
| Modifying agency | DLC |
| 050 00 - LIBRARY OF CONGRESS CALL NUMBER | |
| Classification number | RC 263 |
| Item number | .K83 1973 |
| 100 1# - MAIN ENTRY--PERSONAL NAME | |
| Personal name | Kuhlman, Kathryn. |
| 245 10 - TITLE STATEMENT | |
| Title | Captain LeVrier believes in miracles. |
| Statement of responsibility, etc | Kathryn Kuhlman. |
| 260 ## - PUBLICATION, DISTRIBUTION, ETC. (IMPRINT) | |
| Place of publication, distribution, etc | Minneapolis : |
| Name of publisher, distributor, etc | Bethany Fellowship, |
| Date of publication, distribution, etc | 1973. |
| 300 ## - PHYSICAL DESCRIPTION | |
| Extent | 87 pages |
| Dimensions | 18 cm. |
| 350 ## - PRICE (NR) (BK AM CF MU VM SE) [OBSOLETE] | |
| Price | $0.95 |
| 490 0# - SERIES STATEMENT | |
| Series statement | Dimension books |
| 600 10 - SUBJECT ADDED ENTRY--PERSONAL NAME | |
| Personal name | LeVrier, John. |
| 650 #0 - SUBJECT ADDED ENTRY--TOPICAL TERM | |
| Topical term or geographic name as entry element | Cancer |
| General subdivision | Patients |
| -- | Biography. |
| 650 #0 - SUBJECT ADDED ENTRY--TOPICAL TERM | |
| Topical term or geographic name as entry element | Spiritual healing. |
| 906 ## - LOCAL DATA ELEMENT F, LDF (RLIN) | |
| a | 7 |
| b | cbc |
| c | orignew |
| d | 2 |
| e | ncip |
| f | 19 |
| g | y-gencatlg |
| 942 ## - ADDED ENTRY ELEMENTS (KOHA) | |
| Source of classification or shelving scheme | Library of Congress Classification |
| Koha item type | Books |
| Withdrawn status | Lost status | Source of classification or shelving scheme | Damaged status | Home library | Current library | Shelving location | Date acquired | Source of acquisition | Total Checkouts | Full call number | Barcode | Date last seen | Price effective from | Koha item type |
|---|---|---|---|---|---|---|---|---|---|---|---|---|---|---|
| Library of Congress Classification | Archives | Archives | 11/03/2014 | Donation | RC 263 .K96 1973 | C1973 | 05/15/2018 | 11/03/2014 | Books |